00526nam a2200157 a 450000100100000000500170001000800410002702000150006804000250008310000230010824500910013124600650022226000350028730000250032250000210034700003644420200930075732.0120117s1991 xxu 000 0 spa d a0029010543 aDO-SdBNPbspacBNPHU1 aArsenault, Raymond10aCrucible of liberty :b200 years of the Bill of Rights /cedited by Raymond Arsenault.10aCrucible of liberty:bdoscientos years of the Bill of Rights aNew York :bFree Press,c1991. axi, 215 p. ;c25 cm. aIncluye índice